000 00804cam a22002414a 4500
001 16016871
005 20260122113710.0
008 091211s2008 my a b a001 0 eng
010 _a 2009516506
020 _a9789833855551
082 _a341 JAN
100 1 _aJan, Mohammad Naqib Ishan.
245 1 0 _aPrinciples of public international law :
_ba modern approach /
_cMohammad Naqib Ishan Jan.
260 _aKuala Lumpur :
_bInternational Islamic University Malaysia,
_c2008.
300 _axxviii, 499 p. :
_bill. ;
_c23 cm.
336 _atext
_btxt
_2rdacontent
337 _aunmediated
_bn
_2rdamedia
338 _avolume
_bnc
_2rdacarrier
504 _aIncludes bibliographical references and index.
650 0 _aInternational law
_zMalaysia.
650 0 _aInternational law.
942 _2ddc
_cBK
999 _c31949
_d31949